000 00584nam a22001937a 4500
005 20231009161224.0
010 _aENG-138049
020 _a9788176505246
_c1600.00
035 _aEN-121581
037 _bDBAD/PUB
082 _a614
100 _aWani, Asif Sadiq
_957768
245 _aCovid 19 and Kidneys/
_cBy Asif Sadiq Wani and Zafirah Zahir
260 _aNew Delhi
_bStar Publications Pvt. Ltd.
_c2021
270 _a4/5-B, Asaf Ali Road
_bNew Delhi
_e110002
300 _a137 p.
_c24cm(pbk)
700 _aZafirah Zahir
_957769
942 _2ddc
_cEN
_h614
_mWAN
999 _c198141
_d198141